comp arison of urea fertilizer rate on bunching onion (allium fistulosum) ប្រៀបធៀបកម្រិតជីអ៊ុយរ៉េខុសៗគ្នាលើដំណាំខ្ទឹមស្លឹក (Record no. 18230)

000 -LEADER
fixed length control field 00599nam a22001337a 4500
040 ## - CATALOGING SOURCE
Transcribing agency RUA
082 ## - DEWEY DECIMAL CLASSIFICATION NUMBER
Classification number AGR SEN 2107 B646 Or.1
100 ## - MAIN ENTRY--AUTHOR NAME
Personal name seng bros សេង​​ ប្រុស
245 ## - TITLE STATEMENT
Title comp arison of urea fertilizer rate on bunching onion (allium fistulosum) ប្រៀបធៀបកម្រិតជីអ៊ុយរ៉េខុសៗគ្នាលើដំណាំខ្ទឹមស្លឹក
260 ## - PUBLICATION, DISTRIBUTION, ETC. (IMPRINT)
Place of publication phnom penh
Name of publisher rua
Year of publication 2017
300 ## - PHYSICAL DESCRIPTION
Number of Pages ix;23p
Other physical details ill;
Dimensions 29cm
856 ## - ELECTRONIC LOCATION AND ACCESS
Uniform Resource Identifier https://drive.google.com/file/d/1J0lqlc3kclcKcCuHk7tmsJDeezYGnJcz/view?usp=sharing
942 ## - ADDED ENTRY ELEMENTS (KOHA)
Koha item type AGR
952 ## - LOCATION AND ITEM INFORMATION (KOHA)
Withdrawn status [LOCAL, KOHA] 0
952 ## - LOCATION AND ITEM INFORMATION (KOHA)
Withdrawn status [LOCAL, KOHA] 0
952 ## - LOCATION AND ITEM INFORMATION (KOHA)
Withdrawn status [LOCAL, KOHA] 0
952 ## - LOCATION AND ITEM INFORMATION (KOHA)
Withdrawn status [LOCAL, KOHA] 0
952 ## - LOCATION AND ITEM INFORMATION (KOHA)
Withdrawn status [LOCAL, KOHA] 0
952 ## - LOCATION AND ITEM INFORMATION (KOHA)
Withdrawn status [LOCAL, KOHA] 0
Holdings
Permanent Location Date acquired Koha item type Lost status Shelving location Barcode Current Location Full call number
Library Block B2019-09-04AGR B646A42737Library Block BAGR SEN 2107 B646 Or.1
Library Block B2019-09-04AGR B646A43811Library Block BAGR SEN 2107 B646 Or.2
Library Block B2019-09-04AGR B646A44031Library Block BAGR SEN 2107 B646 Or.3
Library Block B2019-09-04AGR B646A44428Library Block BAGR SEN 2107 B646 Or.4
Library Block B2019-09-04AGR B646A43736Library Block BAGR SEN 2107 B646 Or.5
Library Block B2019-09-04AGR B646A43609Library Block BAGR SEN 2107 B646 Or.6
មជ្ឈមណ្ឌលឯការនៃសាកលវិទ្យាល័យភូមិន្ទកសិកម្មចំការដូង

Powered by Koha